000 00796nam a22002177a 4500
005 20240530110858.0
008 220123s2010 jo g b 000 0 ara d
017 _a2009/4/2143
_bالمملكة الاردنية الهاشمية. المكتبة الوطنية
040 _aEG-CaGPL
_cEG-CaGPL
082 0 4 _221
_a306.461/
_bم إ
100 0 _aمحمد ابو سمرة
245 1 2 _aالاعلام الطبى والصحى /
_cمحمد ابو سمرة
250 _aط.1
260 _aعمان :
_bدار الراية للنشر والتوزيع،
_c2010.
300 _a212 ص. ؛
_c24 سم.
504 _aيشتمل على ارجاعات ببليوجرافية
650 0 7 _2qrmak
_aالاعلام الطبى
650 0 7 _2qrmak
_aالطب الحيوى
651 _2qrmak
942 _2ddc
_cBK
999 _c66067
_d66067